VHS Dictionary for Nurses (Record no. 1874)

MARC details
000 -LEADER
Fixed length control field 00497nam a22001937a 4500
003 - CONTROL NUMBER IDENTIFIER
Control field IIN
005 - DATE AND TIME OF LATEST TRANSACTION
Control field 20251201113013.0
008 - FIXED-LENGTH DATA ELEMENTS--GENERAL INFORMATION
Fixed length control field 250924s2022 |||ad||| |||| 00| 0 eng d
020 ## - INTERNATIONAL STANDARD BOOK NUMBER / ISBN
International Standard Book Number 9789392242083
Price Rs.308.00
040 ## - CATALOGING SOURCE
Original cataloging agency IIN
082 ## - DEWEY DECIMAL CLASSIFICATION NUMBER
Classification number 610.3
Book Number ARO
100 ## - MAIN ENTRY--PERSONAL NAME
Personal name Arora, Prerna
245 ## - TITLE STATEMENT
Title VHS Dictionary for Nurses
Statement of responsibility by Prerna Arora and Ankita Deol
260 ## - IMPRINT
Place of publication Punjab
Name of publisher VHS
Date of publication 2022
300 ## - PHYSICAL DESCRIPTION
Page / Vol. No 890 p.
Other physical details col. ill.
650 ## - SUBJECT ADDED ENTRY--TOPICAL TERM
Topical term Nursing
Form subdivision Dictionary
700 ## - ADDED ENTRY--PERSONAL NAME
Personal name Deol, Ankita
942 ## - ADDED ENTRY ELEMENTS (KOHA)
Koha item type Reference Books
Holdings
Withdrawn status Lost status Source of classification Damaged status Use restrictions Not for loan Collection code Home library Current library Shelving location Date acquired Price Total Checkouts Call number Accession number Date last seen Price effective from Koha item type
    Dewey Decimal Classification   Restricted Access Not For Loan Purches Book IDEAL INSTITUTE OF NURSING IDEAL INSTITUTE OF NURSING Reference 18/03/2025 308.75   610.3 ARO 2134 24/09/2025 24/09/2025 Reference Books
© Ideal Institute Of Nursing, All rights reserved.         Powered by Koha